| 000 | 01141cam a2200217 4500 | ||
|---|---|---|---|
| 001 | ABS66921 | ||
| 008 | 030808n2003 000 0 eng u | ||
| 035 | _a(Sirsi) u123235 | ||
| 100 | _aMcKie, A. | ||
| 245 | _aPlanning for the future - simplicity itself? | ||
| 260 | _c2003 | ||
| 490 |
_aJournal of the Law Society of Scotland _v48(7) July 2003, 58(1) |
||
| 520 | _aExamines the possible changes that a new Planning Bill could make to the current planning system in Scotland. It is agreed that the current system is too complicated and needs to be simplified and yet still support sustainable development, biodiversity and social justice. The system also needs to improve architectural design, delivery of public infrastructure and affordable housing and protect the environment as well as act as a land use planning system. There is little expectation that any new reforms will make the system any simpler. | ||
| 590 | _aABS | ||
| 650 | _aPLANNING PROCEDURE | ||
| 650 | _aSCOTLAND | ||
| 650 | _aPLANNING BILL | ||
| 650 |
_aLand use _96251 |
||
| 690 | _aENVIRONMENTAL AND LAND CONSULTANCY-PLANNING AND DEVELOPMENT | ||
| 942 | _n0 | ||
| 999 |
_c73187 _d73187 |
||